000 01045nam a22003857a 4500
005 20250625121140.0
008 200902b2014 xxu||||| |||| 00| 0 spa d
020 _a9786071718495
041 _aESP
082 _a614.1 V297me5
100 _aVargas Alvarado, Eduardo
_916114
245 _aMedicina legal
250 _a5 edición
260 _aMéxico
260 _bTrillas
260 _c2014
300 _a563 páginas
490 _aInvestigación Criminal
650 _aMEDICINA LEGAL
650 _aINVESTIGACIÓN CRIMINAL
650 _aESCENARIO DEL DELITO
650 _aIDENTIFICACIÓN DENTAL
650 _aCADAVER
650 _aLESIONES
650 _aMEDICINA LEGAL TRAUMATOLÓGICA
650 _aMEDICINA LEGAL MATERNOINFANTIL
650 _aMEDICINAL LEGAL LABORAL
650 _aMEDICINA LEGAL TOXICOLOGIA
650 _aBIOÉTICA
650 _aDENTOLOGÍA MEDICA
650 _aMEDICINA PSIQUIATRICA
650 _aMEDICINA LEGAL CRIMINALÍSTICA
650 _aIDENTIFICACIÓN DENTAL
942 _cBK
_2ddc
999 _c12700
_d12700